000 02194nam a2200337 i 4500
003 DO-SdBNP
005 20250728111230.0
006 a||||gr|||| 00| 0
007 ta
008 250728e2016 dr ||||| |||| 00| 0 spa d
020 _a9789945591507
040 _aDO-SdBNP
_bspa
_cBNPHU
_erda
041 _asp
082 4 _a353.95
_bR426e
_222
110 _aRepública Dominicana.
_bMinisterio de Salud Pública
_958697
245 0 0 _aEstrategia nacional de comunicación de riesgos para emergencias sanitarias y desastres en la República Dominicana
264 _aSanto Domingo :
_bMinisterio de Salud Pública,
_c2016
300 _a104 páginas ;
_c28 cm.
336 _2rdacontent
_atexto
_btxt
337 _2rdamedia
_asin mediación
_bn
338 _2rdacarrier
_avolumen
_bnc
505 _aIntroducción 9 -- Resolución No. 16-2016 16 -- Antecedentes 19 -- Marco Normativo y Estructura 21 -- Mapa de Riesgos de Emergencias Sanitarias y Desastres en la República Dominicana 25 -- La Estrategia de Comunicación de Riesgos 26 -- Objetivos 27 -- El Equipo de Comunicación de Riesgos 28 -- Funciones del Comité Multisectorial de Comunicación de Riesgos 30 -- La Gestión de la Comunicación 32 -- La vocería oficial 32 -- Protocolo de liberación de la información 32 -- La elaboración de la guía de mensajes claves para voceros 33 -- La elaboración de materiales de comunicación y educación 35 -- La vigilancia de la comunicación 36 -- La relación con los medios de comunicación y las redes sociales 37 -- Abordaje de movilización social y comunitaria 39 -- Etapas de la Estrategia de Comunicación de Riesgos y Lista de Verificación de Actividades de la Comunicación 40 -- Etapa de preparación 40 -- Inicio de la emergencia 41 -- Etapa de control 42 -- Etapa de recuperación 43
590 _aInventariado 2025/DG
650 4 _aEvaluación de riesgos
_zRepública Dominicana
_988443
650 4 _aSistemas de prevención de desastres
_zRepública Dominicana
_988444
650 4 _aPlanificación en desastres
_zRepública Dominicana
_988445
651 4 _9281
710 1 _aRepública Dominicana.
_bMinisterio de Salud Publica
_958697
910 _aDG
942 _2ddc
_cLBS1
999 _c59653
_d59653